00686nam a2200205 a 450000100100000000500170001000800410002702000150006804000250008308200130010810000300012124500680015125000270021926000300024630000280027649000480030449000390035283000480039183000410043900004328020201002040802.0140304s2000 sp ac 000 0 spa d a8420639443 aDO-SdBNPbspacBNPHU axxxbxxx1 aTorres, Augusto M.d1942-13aEl cine norteamericano en 130 películas /cAugusto M. Torres. a1ª ed., corr. y aum., aMadrid :bAlianza,c2000. a467 p. :bil. ;c18 cm.1 aEl libro de bolsillo. Cine y comunicación1 aLibro práctico y aficionesv7008 0aEl libro de bolsillo. Cine y comunicación 0aLibro práctico y aficiones ;v7008